Tìm điệu xòe hôm qua : Thơ

Zapisane w:
Opis bibliograficzny
1. autor: Phùng, Hải Yến
Format: Książka
Język:Undetermined
Wydane: Hà Nội Văn học 2018
Hasła przedmiotowe:
Etykiety: Dodaj etykietę
Nie ma etykietki, Dołącz pierwszą etykiete!
Thư viện lưu trữ: Trung tâm Học liệu Trường Đại học Cần Thơ
LEADER 00606nam a2200205Ia 4500
001 CTU_229826
008 210402s9999 xx 000 0 und d
082 |a 895.9221009 
082 |b Y603 
100 |a Phùng, Hải Yến 
245 0 |a Tìm điệu xòe hôm qua : 
245 0 |b Thơ 
245 0 |c Phùng Hải Yến 
260 |a Hà Nội 
260 |b Văn học 
260 |c 2018 
650 |a Thơ Việt Nam,Vietnamese poetry 
650 |x Lịch sử và phê bình,History and criticism 
910 |b nthai 
980 |a Trung tâm Học liệu Trường Đại học Cần Thơ